[Event "39th Olympiad Women"]
[Site "Khanty-Mansiysk RUS"]
[Date "2010.09.30"]
[Round "9"]
[White "Fernandez, Maria Florencia"]
[Black "Efroimski, Marsel"]
[Result "1/2-1/2"]
[BlackTitle "WFM"]
[WhiteElo "2119"]
[BlackElo "2244"]
[Board "18.4"]
[WhiteTeam "ARG"]
[BlackTeam "ISR"]
[WhiteFideId "116459"]
[BlackFideId "2810964"]
[EventDate "2010.09.21"]
[EventType "team"]

1. d4 d5 2. c4 e6 3. Nc3 c6 4. Nf3 dxc4 5. e4 b5 6. Be2 Bb7 7. O-O Nf6 8. e5 Nd5
9. Ne4 h6 10. a4 Qc7 11. b3 Nd7 12. bxc4 bxc4 13. Bxc4 c5 14. Bb5 Rd8 15. dxc5
a6 16. Nd6+ Bxd6 17. cxd6 Qc8 18. Bxd7+ Rxd7 19. Qd4 O-O 20. Qg4 Kh8 21. Bd2 Qc2
22. Ra3 Rc8 23. Qh5 Nb6 24. Bf4 Rc4 25. Bxh6 gxh6 26. Qxh6+ Qh7 27. Qf8+ Qg8 28.
Qh6+ Qh7 1/2-1/2

[Event "39th Olympiad Women"]
[Site "Khanty-Mansiysk RUS"]
[Date "2010.09.30"]
[Round "9"]
[White "Sukandar, Irine Kharisma"]
[Black "Kulovana, Eva"]
[Result "1/2-1/2"]
[WhiteTitle "WGM"]
[BlackTitle "WGM"]
[WhiteElo "2372"]
[BlackElo "2359"]
[Board "19.1"]
[WhiteTeam "INA"]
[BlackTeam "CZE"]
[WhiteFideId "7101937"]
[BlackFideId "318779"]
[EventDate "2010.09.21"]
[EventType "team"]

1. e4 c6 2. d4 d5 3. Nc3 dxe4 4. Nxe4 Bf5 5. Ng3 Bg6 6. h4 h6 7. Nf3 Nf6 8. h5
Bh7 9. Bd3 Bxd3 10. Qxd3 e6 11. Bd2 c5 12. O-O-O Nc6 13. Be3 Qa5 14. Qb3 O-O-O
15. Ne5 Qc7 16. Qa4 Nxd4 17. f4 Kb8 18. Bxd4 cxd4 19. Rxd4 Rxd4 20. Qxd4 Bc5 21.
Qc3 Rc8 22. Kb1 Bd6 23. Qxc7+ Rxc7 24. Nd3 Nd5 25. Ne2 Rc4 26. g3 Re4 27. Rh2
Nf6 28. Nc3 Re3 29. Rh3 Ng4 30. Kc1 Rf3 31. Kd2 Rf1 32. Ke2 Rg1 33. Ne4 Kc7 34.
Kf3 f5 35. Nef2 Nf6 36. Rh4 Be7 37. Rh2 Bd6 38. Rh4 b6 39. g4 Be7 40. gxf5 exf5
41. Rh2 Bd6 42. Ke2 Kc6 43. Rh3 Kd5 44. Nd1 Ke6 45. Re3+ Kd7 46. Ne5+ Bxe5 47.
Rxe5 Nxh5 48. Rxf5 Ng3+ 49. Kf2 Nxf5 50. Kxg1 Nd4 51. Kf2 Nxc2 52. Kf3 Ke6 53.
Ke4 g6 54. a3 Na1 55. Nc3 Nb3 56. Nb5 Nc5+ 57. Kf3 a6 58. Nd4+ Kd5 59. Ke3 Ne6
60. Nf3 g5 61. fxg5 Nxg5 62. Nd4 Kc4 63. Nf5 Kb3 64. Nxh6 Kxb2 65. a4 a5 66. Nf5
Kb3 67. Kd3 Kxa4 68. Kc3 b5 69. Nd4 Ne4+ 70. Kd3 Nc5+ 71. Kc3 Ne4+ 72. Kd3 Nd6
73. Kc3 b4+ 74. Kb2 Nc4+ 75. Ka2 Nd2 76. Kb2 Ne4 77. Ka2 Nc5 78. Kb2 b3 79. Kc3
Ka3 80. Kc4 b2 81. Nb5+ Ka2 82. Nc3+ Ka3 83. Nb5+ Ka2 84. Nc3+ Ka1 85. Kxc5 a4
86. Kb4 b1=Q+ 87. Nxb1 Kxb1 88. Kxa4 1/2-1/2

[Event "39th Olympiad Women"]
[Site "Khanty-Mansiysk RUS"]
[Date "2010.09.30"]
[Round "9"]
[White "Nemcova, Katerina"]
[Black "Lestari, Baiq Vina"]
[Result "1-0"]
[WhiteTitle "WGM"]
[WhiteElo "2283"]
[BlackElo "2177"]
[Board "19.2"]
[WhiteTeam "CZE"]
[BlackTeam "INA"]
[WhiteFideId "322750"]
[BlackFideId "7102496"]
[EventDate "2010.09.21"]
[EventType "team"]

1. e4 c5 2. Nf3 d6 3. d4 cxd4 4. Nxd4 Nf6 5. Nc3 a6 6. Be3 e5 7. Nb3 Be6 8. f4
exf4 9. Bxf4 Nc6 10. Qe2 Ne5 11. h3 Be7 12. O-O-O Qc7 13. g4 Rc8 14. Kb1 O-O 15.
Nd5 Bxd5 16. exd5 g6 17. Qg2 b5 18. Bd3 Qb7 19. Be2 Nc4 20. h4 Nd7 21. g5 f6 22.
Bxc4 bxc4 23. Na5 Qc7 24. Nc6 Ne5 25. Bxe5 fxe5 26. h5 Rf5 27. hxg6 Bxg5 28.
Rxh7 Qb6 29. Qh3 Rcf8 30. Rh8+ 1-0

[Event "39th Olympiad Women"]
[Site "Khanty-Mansiysk RUS"]
[Date "2010.09.30"]
[Round "9"]
[White "Dewi, Aa Citra"]
[Black "Havlikova, Kristyna"]
[Result "1-0"]
[WhiteTitle "WFM"]
[BlackTitle "WIM"]
[WhiteElo "1987"]
[BlackElo "2318"]
[Board "19.3"]
[WhiteTeam "INA"]
[BlackTeam "CZE"]
[WhiteFideId "7101244"]
[BlackFideId "309672"]
[EventDate "2010.09.21"]
[EventType "team"]

1. e4 c5 2. Nf3 a6 3. d4 cxd4 4. Nxd4 Nf6 5. Bd3 e5 6. Nb3 Nc6 7. O-O d5 8. exd5
Nxd5 9. Be4 Be6 10. Qf3 Qd7 11. Nc3 Nf6 12. Bg5 Nxe4 13. Nxe4 Bg4 14. Qg3 Qf5
15. f3 Bh5 16. Rad1 f6 17. Be3 Bf7 18. Nbc5 Qc8 19. Nd7 Nd4 20. Ndxf6+ gxf6 21.
Nxf6+ 1-0

[Event "39th Olympiad Women"]
[Site "Khanty-Mansiysk RUS"]
[Date "2010.09.30"]
[Round "9"]
[White "Sikorova, Olga"]
[Black "Sihite, Chelsie Monica"]
[Result "1/2-1/2"]
[WhiteTitle "WIM"]
[BlackTitle "WFM"]
[WhiteElo "2290"]
[BlackElo "2014"]
[Board "19.4"]
[WhiteTeam "CZE"]
[BlackTeam "INA"]
[WhiteFideId "307033"]
[BlackFideId "7101198"]
[EventDate "2010.09.21"]
[EventType "team"]

1. e4 e5 2. Bc4 Nf6 3. d3 c6 4. Nf3 d5 5. Bb3 a5 6. a3 a4 7. Ba2 Bd6 8. Nc3 dxe4
9. Nxe4 Nxe4 10. dxe4 Qe7 11. Ng5 Be6 12. Nxe6 fxe6 13. Qg4 Nd7 14. f3 Nf8 15.
Bg5 Qf7 16. O-O-O Bc7 17. Be3 h6 18. Rd3 Qf6 19. Rhd1 Rd8 20. Kb1 Kf7 21. Bc5 h5
22. Qh3 g6 23. Bxf8 Kxf8 24. Bxe6 Rh7 25. Ba2 Ke8 26. Rxd8+ Bxd8 27. Qc8 Rc7 28.
Qa8 Qg5 29. h4 Qxh4 30. Qxa4 Rd7 31. c3 Qf2 32. Be6 Rd2 33. Rxd2 Qxd2 34. Bh3
Qd3+ 35. Ka2 Qd6 36. Qb3 b6 37. Qg8+ Ke7 38. Bc8 Qf6 39. Bb7 Kd6 40. Bc8 Kc7 41.
Be6 h4 42. Qe8 Qg7 43. b4 b5 44. a4 Qe7 45. Qxg6 Qd6 46. Qf7+ Be7 47. Ka3 c5 48.
axb5 cxb4+ 49. cxb4 Qxb4+ 50. Ka2 Qd2+ 51. Kb3 Qd3+ 52. Kb2 Qd2+ 53. Kb1 Qd1+ 1/2-1/2

[Event "39th Olympiad Women"]
[Site "Khanty-Mansiysk RUS"]
[Date "2010.09.30"]
[Round "9"]
[White "Geldyeva, Mekhri"]
[Black "Muzychuk, Anna"]
[Result "0-1"]
[WhiteTitle "WGM"]
[BlackTitle "IM"]
[WhiteElo "2260"]
[BlackElo "2535"]
[Board "20.1"]
[WhiteTeam "TKM"]
[BlackTeam "SLO"]
[WhiteFideId "14000059"]
[BlackFideId "14111330"]
[EventDate "2010.09.21"]
[EventType "team"]

1. d4 Nf6 2. c4 e6 3. Nf3 c5 4. d5 exd5 5. cxd5 d6 6. Nc3 g6 7. Nd2 Bg7 8. Nc4
O-O 9. Bf4 Ne8 10. Qd2 Na6 11. g3 Nac7 12. a4 b6 13. Bg2 Ba6 14. Na3 Nf6 15. O-O
Nh5 16. Bh6 f5 17. Bxg7 Kxg7 18. Nab5 Qd7 19. Nxc7 Qxc7 20. Rfe1 Rae8 21. f3 Nf6
22. e3 Rf7 23. Bf1 Bxf1 24. Kxf1 Qb7 25. Qd3 Re5 26. Rad1 a6 27. Qc4 Rfe7 28.
Rd3 Re8 29. Kf2 Rb8 30. Red1 b5 31. axb5 axb5 32. Qa2 Ra8 33. Qb1 Rae8 34. Qc1
b4 35. Ne2 Nxd5 36. Nf4 Nxe3 37. R1d2 c4 38. Rxd6 R8e7 39. Qa1 Qb5 40. Qa6 Qxa6
41. Rxa6 c3 42. bxc3 bxc3 43. Rdd6 c2 44. Rac6 Nd1+ 45. Kg2 Re1 46. Nd3 R7e2+
47. Kh3 Nf2+ 48. Nxf2 c1=Q 49. Rxc1 Rxc1 50. Nd3 Rcc2 51. g4 Rxh2+ 52. Kg3 fxg4 0-1

[Event "39th Olympiad Women"]
[Site "Khanty-Mansiysk RUS"]
[Date "2010.09.30"]
[Round "9"]
[White "Krivec, Jana"]
[Black "Hallaeva, Bahar"]
[Result "0-1"]
[WhiteTitle "WGM"]
[BlackTitle "WFM"]
[WhiteElo "2309"]
[BlackElo "2174"]
[Board "20.2"]
[WhiteTeam "SLO"]
[BlackTeam "TKM"]
[WhiteFideId "14601982"]
[BlackFideId "14000679"]
[EventDate "2010.09.21"]
[EventType "team"]

1. e4 e5 2. Nc3 Nf6 3. g3 Nc6 4. Bg2 Bc5 5. d3 d6 6. Na4 Be6 7. Nxc5 dxc5 8. b3
O-O 9. h3 Qd6 10. Ne2 Rad8 11. f4 c4 12. bxc4 Bxc4 13. O-O Rfe8 14. Kh1 Qc5 15.
fxe5 Nxe5 16. Bb2 Bxd3 17. cxd3 Nxd3 18. Bd4 Rxd4 19. Nxd4 Qxd4 20. Qb3 Nc5 21.
Qf3 Ncxe4 22. Rae1 c5 23. Kh2 Re6 24. Rd1 Nd2 25. Qxb7 Nxf1+ 26. Rxf1 Qd7 27.
Qb3 h6 28. Rd1 Qe7 29. Qb8+ Kh7 30. Rd8 Rb6 31. Rh8+ Kg6 32. Qf4 Rb2 33. g4 Qe4
34. Qf1 Re2 35. Kh1 Qe5 36. Qb1+ Kg5 37. Qc1+ Kh4 38. Rxh6+ gxh6 39. Qxh6+ Kg3 0-1

[Event "39th Olympiad Women"]
[Site "Khanty-Mansiysk RUS"]
[Date "2010.09.30"]
[Round "9"]
[White "Ovezova, Maisa"]
[Black "Kaps, Darja"]
[Result "1/2-1/2"]
[WhiteTitle "WFM"]
[BlackTitle "WGM"]
[WhiteElo "2117"]
[BlackElo "2300"]
[Board "20.3"]
[WhiteTeam "TKM"]
[BlackTeam "SLO"]
[WhiteFideId "14000393"]
[BlackFideId "14602334"]
[EventDate "2010.09.21"]
[EventType "team"]

1. d4 g6 2. Nf3 Bg7 3. Bg5 c5 4. c3 Qb6 5. Qb3 cxd4 6. Qxb6 axb6 7. Nxd4 d5 8.
Nb5 Na6 9. Be3 Kd7 10. N1a3 Nc5 11. g3 e6 12. Bh3 Ne7 13. Bd4 Bxd4 14. cxd4 Na6
15. O-O Nc6 16. Nc2 Ke7 17. a3 Bd7 18. Nc3 Na5 19. e4 dxe4 20. Nxe4 Rac8 21. Ne3
Nb3 22. Rad1 f5 23. Nc3 Kd6 24. Bg2 Rc7 25. f4 Re8 26. Rfe1 b5 27. Bf1 b4 28.
Nb5+ Bxb5 29. Bxb5 Rec8 30. d5 Rc1 31. dxe6+ Rxd1 32. Rxd1+ Ke7 33. Bd7 Rc1 34.
Rxc1 Nxc1 35. Nd5+ Kd6 36. Nxb4 Nxb4 37. axb4 Nd3 38. Kg2 Nxb4 39. Kf3 Nd3 40.
Bc8 Nxb2 41. Bxb7 Kxe6 42. Ba6 Na4 43. Bc4+ Kf6 44. h3 h5 45. g4 h4 46. g5+ Ke7
47. Ba2 Nc3 48. Bc4 Ne4 49. Ba2 Kf8 50. Be6 Ke7 51. Ba2 Kf8 1/2-1/2

[Event "39th Olympiad Women"]
[Site "Khanty-Mansiysk RUS"]
[Date "2010.09.30"]
[Round "9"]
[White "Enkhtuul, Altanulzii"]
[Black "Thorsteinsdottir, Hallgerdur"]
[Result "1-0"]
[WhiteElo "2122"]
[BlackElo "1995"]
[Board "21.2"]
[WhiteTeam "MGL"]
[BlackTeam "ISL"]
[WhiteFideId "4901444"]
[BlackFideId "2302454"]
[EventDate "2010.09.21"]
[EventType "team"]

1. Nf3 Nf6 2. g3 g6 3. Bg2 Bg7 4. O-O O-O 5. c3 c5 6. d4 cxd4 7. Nxd4 Nc6 8. e4
a6 9. Nxc6 dxc6 10. Qe2 Qc7 11. a4 Bg4 12. f3 Be6 13. a5 b5 14. axb6 Qxb6+ 15.
Be3 Qb5 16. Qxb5 axb5 17. Na3 Bb3 18. Bc5 Rfe8 19. f4 Ra4 20. e5 Nd5 21. Rae1 e6
22. Rf2 Bf8 23. Bxf8 Kxf8 24. Bxd5 Bxd5 25. Nc2 Rea8 26. Rd2 Ke7 27. Nb4 Ra1 28.
Rxa1 Rxa1+ 29. Kf2 Kd7 30. Nd3 Kc7 31. Ke3 Ra4 32. b4 Ra1 33. Kd4 Rh1 34. Kc5
Bc4 35. Nb2 Bd5 36. Nd3 Bc4 37. Nb2 Bd5 38. Nd1 Bf3 39. Ne3 Re1 40. Kd4 Ra1 41.
Rf2 Bd5 42. Ng4 Rd1+ 43. Ke3 Kd8 44. Nf6 h5 45. Rd2 Rf1 46. Kd4 h4 47. Nxd5 exd5
48. Kc5 Kd7 49. Ra2 hxg3 50. hxg3 Rf3 51. Ra7+ Ke6 52. Kd4 g5 53. Rc7 gxf4 54.
Rxc6+ Ke7 55. gxf4 Rxf4+ 56. Kxd5 Kd7 57. Rf6 Rc4 58. Rxf7+ Ke8 59. Rf3 Ke7 60.
Rh3 1-0

[Event "39th Olympiad Women"]
[Site "Khanty-Mansiysk RUS"]
[Date "2010.09.30"]
[Round "9"]
[White "Finnbogadottir, Tinna Kristin"]
[Black "Ankhchimeg, Bayanmunh"]
[Result "0-1"]
[BlackTitle "WIM"]
[WhiteElo "1781"]
[BlackElo "2153"]
[Board "21.3"]
[WhiteTeam "ISL"]
[BlackTeam "MGL"]
[WhiteFideId "2300214"]
[BlackFideId "4900600"]
[EventDate "2010.09.21"]
[EventType "team"]

1. e4 c5 2. c3 d5 3. exd5 Qxd5 4. d4 Nf6 5. Nf3 Bg4 6. dxc5 Qxd1+ 7. Kxd1 e5 8.
b4 e4 9. h3 Bh5 10. g4 Nxg4 11. hxg4 Bxg4 12. Nd2 exf3 13. Bc4 Be7 14. Bd5 Nc6
15. Re1 Rd8 16. Bxc6+ bxc6 17. Kc2 Kf8 18. a4 Bh4 19. Ba3 Bf5+ 20. Kc1 Bxf2 21.
Re5 g6 22. Nxf3 Rd3 23. Kb2 Rxf3 24. b5 Kg7 25. Re7 Rd8 26. Rxa7 Rd2+ 27. Kb3
Rf4 28. Bb4 Be6+ 29. Ka3 Be3 30. b6 Rf1 31. c4 Rxa1+ 32. Kb3 Rb1+ 33. Ka3 Rd3+
34. Ka2 Rxb4 35. b7 Bxc4+ 0-1

[Event "39th Olympiad Women"]
[Site "Khanty-Mansiysk RUS"]
[Date "2010.09.30"]
[Round "9"]
[White "Otgonjargal, Sengeravdan"]
[Black "Johannsdottir, Johanna Bjorg"]
[Result "1-0"]
[WhiteTitle "WFM"]
[WhiteElo "2143"]
[BlackElo "1781"]
[Board "21.4"]
[WhiteTeam "MGL"]
[BlackTeam "ISL"]
[WhiteFideId "4900790"]
[BlackFideId "2303108"]
[EventDate "2010.09.21"]
[EventType "team"]

1. e4 c5 2. Nf3 e6 3. d4 cxd4 4. Nxd4 a6 5. Bd3 Nf6 6. O-O Qc7 7. Kh1 d6 8. f4
Nbd7 9. Qf3 b6 10. Nc3 Bb7 11. Bd2 Be7 12. Rae1 O-O 13. Qh3 Nc5 14. Rf3 Rfe8 15.
Rg3 Nxd3 16. cxd3 Bf8 17. Qh4 Qe7 18. Rh3 g6 19. f5 Bg7 20. Bg5 exf5 21. Rf1 Qe5
22. Nxf5 Nh5 23. Nxg7 Qxg7 24. g4 h6 25. Bd2 Bc8 26. Rhf3 Re5 27. Rxf7 Qxf7 28.
Rxf7 Kxf7 29. gxh5 Rxh5 30. Qf4+ Kg7 31. Nd5 Ra7 32. Qf6+ Kh7 33. Bc3 g5 34. Ne7 1-0

[Event "39th Olympiad Women"]
[Site "Khanty-Mansiysk RUS"]
[Date "2010.09.30"]
[Round "9"]
[White "Boric, Elena"]
[Black "Fomina, Tatyana"]
[Result "1-0"]
[WhiteTitle "WIM"]
[BlackTitle "WIM"]
[WhiteElo "2286"]
[BlackElo "2256"]
[Board "22.1"]
[WhiteTeam "BIH"]
[BlackTeam "EST"]
[WhiteFideId "14400839"]
[BlackFideId "4500156"]
[EventDate "2010.09.21"]
[EventType "team"]

1. e4 c5 2. f4 g6 3. Nf3 Bg7 4. Nc3 Nc6 5. d3 d6 6. g3 Bg4 7. h3 Bxf3 8. Qxf3
Nd4 9. Qf2 b5 10. Bg2 b4 11. Nd5 e6 12. Ne3 Ne7 13. f5 gxf5 14. exf5 Ndxf5 15.
Nxf5 Nxf5 16. Bc6+ Kf8 17. Bxa8 Qxa8 18. Rf1 Bd4 19. Qf3 Qxf3 20. Rxf3 h5 21. a3
Kg7 22. axb4 cxb4 23. Bd2 Rb8 24. c3 bxc3 25. bxc3 Be5 26. g4 Nh4 27. Rf1 hxg4
28. hxg4 Rb7 29. Ke2 d5 30. d4 Bf6 31. Ra2 Bd8 32. Rfa1 a5 33. Rh1 f5 34. gxf5
Nxf5 35. Kd3 Kg8 36. Bf4 Bf6 37. Rxa5 Rb2 38. Ra8+ Kg7 39. Ra7+ Kg8 40. Rg1+ Kf8
41. Rg6 Be7 42. Rxe6 Rf2 43. Bc1 Rf3+ 44. Kc2 Rf2+ 45. Kb3 Rf3 46. Rexe7 1-0

[Event "39th Olympiad Women"]
[Site "Khanty-Mansiysk RUS"]
[Date "2010.09.30"]
[Round "9"]
[White "Gansvind, Valeriya I."]
[Black "Dengler, Dijana"]
[Result "1-0"]
[WhiteTitle "WFM"]
[BlackTitle "WFM"]
[WhiteElo "2218"]
[BlackElo "2088"]
[Board "22.2"]
[WhiteTeam "EST"]
[BlackTeam "BIH"]
[WhiteFideId "4109821"]
[BlackFideId "14400081"]
[EventDate "2010.09.21"]
[EventType "team"]

1. d4 d5 2. Nf3 c6 3. e3 Nf6 4. Bd3 Bg4 5. Nbd2 Nbd7 6. c4 e6 7. Qc2 Bd6 8. a3
a5 9. b3 Rc8 10. Bb2 c5 11. Qb1 Qc7 12. h3 Bh5 13. O-O O-O 14. cxd5 exd5 15.
dxc5 Bxc5 16. Bf5 Bg6 17. Bxg6 hxg6 18. Qd3 Qd6 19. Rfd1 Qe7 20. Nf1 Rfd8 21.
Qb5 b6 22. Qa4 Qe4 23. Nd4 Bd6 24. Qb5 Rc5 25. Qe2 Rcc8 26. Nd2 Qe7 27. Nb5 Be5
28. Nf3 Bxb2 29. Qxb2 Rc5 30. Nbd4 Rdc8 31. b4 axb4 32. axb4 Rc4 33. b5 Qc5 34.
Ra7 Rc1 35. Rxc1 Qxc1+ 36. Qxc1 Rxc1+ 37. Kh2 Rc8 38. g4 Nc5 39. Ne5 Nce4 40.
Nxf7 Nxf2 41. Ng5 Nd1 42. Nc6 Re8 43. Ne7+ Kh8 44. Nxg6+ Kg8 45. Ne7+ Kh8 46.
Nf7+ Kh7 47. g5 Rxe7 48. Rxe7 Ne4 49. Re6 g6 50. Rxb6 Nxe3 51. Rb7 Kg8 52. b6
Nc4 53. Nh6+ Kh8 54. Rb8+ Kh7 55. h4 d4 56. b7 Ncd6 1-0

[Event "39th Olympiad Women"]
[Site "Khanty-Mansiysk RUS"]
[Date "2010.09.30"]
[Round "9"]
[White "Dedijer, Sanja"]
[Black "Vahtra, Tuuli"]
[Result "1/2-1/2"]
[BlackTitle "WFM"]
[WhiteElo "2055"]
[BlackElo "1991"]
[Board "22.3"]
[WhiteTeam "BIH"]
[BlackTeam "EST"]
[WhiteFideId "14401878"]
[BlackFideId "4502060"]
[EventDate "2010.09.21"]
[EventType "team"]

1. d4 e6 2. c4 d5 3. g3 c6 4. Bg2 Bd6 5. Nf3 f5 6. O-O Nf6 7. b3 Qe7 8. Ne5 Nbd7
9. Nd3 O-O 10. Nd2 e5 11. dxe5 Nxe5 12. Bb2 dxc4 13. Nxe5 Bxe5 14. Bxe5 Qxe5 15.
Nxc4 Qe7 16. Qd6 Qxe2 17. Rfe1 Qh5 18. Re7 f4 19. Rae1 fxg3 20. Qxg3 Qg4 21.
Qxg4 Nxg4 22. Rc7 Nf6 23. Nd6 Bg4 24. Nxb7 Rac8 25. Rxc6 Rxc6 26. Bxc6 Rc8 27.
Na5 Kf7 28. Bb5 Rc2 29. Bc4+ Kf8 30. a4 Bf3 31. h3 Rd2 32. Bf1 Ne4 33. Nc4 Rd5
34. Re3 Rf5 35. Bd3 Rg5+ 36. Kf1 Bg2+ 37. Ke1 Nc5 38. Bf1 Bc6 39. f3 h6 40. Be2
Bd7 41. h4 Rh5 42. Ne5 Be8 43. Nd3 Nxd3+ 44. Rxd3 Rxh4 45. Rd8 Rh5 46. Ra8 a5
47. Bb5 Re5+ 48. Kf2 g5 49. Rxa5 Bxb5 50. axb5 Re6 51. Ra6 Re5 52. Rb6 Ke7 53.
Rb8 Kd7 54. b6 Rb5 55. b7 Kc7 56. Rh8 Rxb7 57. Rxh6 Rxb3 58. Rg6 Rb5 59. Kg3 Rf5
60. Kg4 Rf4+ 61. Kg3 Rf5 1/2-1/2

[Event "39th Olympiad Women"]
[Site "Khanty-Mansiysk RUS"]
[Date "2010.09.30"]
[Round "9"]
[White "Narva, Triin"]
[Black "Dedijer, Mira"]
[Result "1-0"]
[WhiteElo "1929"]
[BlackElo "1973"]
[Board "22.4"]
[WhiteTeam "EST"]
[BlackTeam "BIH"]
[WhiteFideId "4502680"]
[BlackFideId "14401622"]
[EventDate "2010.09.21"]
[EventType "team"]

1. e4 e5 2. Nc3 Nf6 3. f4 d6 4. Nf3 exf4 5. d4 Bg4 6. Bxf4 Be7 7. Be2 O-O 8. O-O
Re8 9. Qe1 Nbd7 10. h3 Bh5 11. e5 dxe5 12. dxe5 Bxf3 13. Bxf3 Bc5+ 14. Kh1 Nxe5
15. Bxe5 Nd7 16. Rd1 Bd6 17. Bxb7 Rb8 18. Bd5 Nxe5 19. Qf2 Rxb2 20. Bb3 Qg5 21.
Bxf7+ 1-0

[Event "39th Olympiad Women"]
[Site "Khanty-Mansiysk RUS"]
[Date "2010.09.30"]
[Round "9"]
[White "Yuan, Yuanling"]
[Black "Vojinovic, Jovana"]
[Result "1-0"]
[WhiteTitle "WIM"]
[BlackTitle "WGM"]
[WhiteElo "2189"]
[BlackElo "2319"]
[Board "23.1"]
[WhiteTeam "CAN"]
[BlackTeam "MNE"]
[WhiteFideId "8604541"]
[BlackFideId "937266"]
[EventDate "2010.09.21"]
[EventType "team"]

1. e4 e6 2. d4 d5 3. Nc3 Nf6 4. e5 Nfd7 5. f4 c5 6. Nf3 Nc6 7. Be3 Rb8 8. Qd2
Qa5 9. a3 b5 10. Ra2 Be7 11. Be2 b4 12. axb4 Qxb4 13. O-O O-O 14. dxc5 Nxc5 15.
Rd1 a5 16. Nd4 Nxd4 17. Qxd4 Na6 18. Qa7 Rd8 19. Ra4 Bc5 20. Bxc5 Qxc5+ 21. Qxc5
Nxc5 22. Rxa5 Nd7 23. b3 g5 24. g3 Bb7 25. Nb5 gxf4 26. gxf4 f6 27. Bg4 Kf7 28.
Kf2 fxe5 29. Nc7 Ke7 30. Nxe6 Rg8 31. Bh3 Rbc8 32. c4 dxc4 33. Ng5 Nc5 34. Bxc8
Rxc8 35. bxc4 exf4 36. Ra7 Kf6 37. Nf3 Ne4+ 38. Kf1 Rc7 39. Rb1 Nd6 40. c5 Rxc5
41. Raxb7 Nxb7 42. Rxb7 h5 43. Ke2 Kf5 44. h3 Ke4 45. Rb4+ Kf5 46. Kd3 Ra5 47.
Kd4 Ra3 48. Rb5+ Kf6 49. Ke4 Ra4+ 50. Nd4 Kg6 51. Rd5 f3 52. Kxf3 Ra3+ 53. Kg2
h4 54. Nf3 Ra2+ 55. Rd2 Ra4 56. Rd4 Ra2+ 57. Kf1 Ra1+ 58. Kf2 Ra2+ 59. Ke3 Kf6
60. Rxh4 1-0

[Event "39th Olympiad Women"]
[Site "Khanty-Mansiysk RUS"]
[Date "2010.09.30"]
[Round "9"]
[White "Lacau-Rodean, Iulia"]
[Black "Stojanovic, Marija R"]
[Result "1-0"]
[BlackTitle "WFM"]
[WhiteElo "2024"]
[BlackElo "2112"]
[Board "23.3"]
[WhiteTeam "CAN"]
[BlackTeam "MNE"]
[WhiteFideId "1211285"]
[BlackFideId "931411"]
[EventDate "2010.09.21"]
[EventType "team"]

1. e4 c5 2. Nf3 Nc6 3. g3 Nf6 4. Qe2 d6 5. Bg2 Bg4 6. c3 Ne5 7. d4 Nxf3+ 8. Bxf3
Bxf3 9. Qxf3 cxd4 10. cxd4 e5 11. dxe5 dxe5 12. O-O Be7 13. Nc3 O-O 14. Bg5 Rc8
15. Rfd1 Qa5 16. Bxf6 Bxf6 17. Nd5 Rc6 18. a4 Qc5 19. b4 Qc2 20. b5 Rc4 21.
Nxf6+ gxf6 22. Qxf6 Rxa4 23. Qg5+ Kh8 24. Qxe5+ Kg8 25. Qg5+ Kh8 26. Qe7 Kg8 27.
Qxb7 Re8 28. e5 Qe2 29. Qd7 1-0

[Event "39th Olympiad Women"]
[Site "Khanty-Mansiysk RUS"]
[Date "2010.09.30"]
[Round "9"]
[White "Misovic, Sanja"]
[Black "Kagramanov, Dalia"]
[Result "1-0"]
[WhiteElo "1861"]
[BlackElo "1866"]
[Board "23.4"]
[WhiteTeam "MNE"]
[BlackTeam "CAN"]
[WhiteFideId "900575"]
[BlackFideId "2604728"]
[EventDate "2010.09.21"]
[EventType "team"]

1. d4 Nf6 2. c4 g6 3. Nc3 Bg7 4. e4 d6 5. f3 O-O 6. Be3 Na6 7. Qd2 e5 8. Nge2
Nd7 9. O-O-O exd4 10. Nxd4 Nac5 11. Bh6 a6 12. h4 Ne6 13. Bxg7 Kxg7 14. h5 g5
15. Nd5 Nxd4 16. Qxd4+ f6 17. g3 Ne5 18. f4 Nf7 19. h6+ Nxh6 20. fxg5 Ng4 21.
Be2 c5 22. gxf6+ Nxf6 23. Qc3 Kg8 24. Qe3 Ng4 25. Bxg4 Bxg4 26. Qh6 Qd7 27. Nb6
Qg7 28. Rxd6 Qxh6+ 29. Rdxh6 Rad8 30. Rxh7 Rd1+ 31. Rxd1 Kxh7 32. Re1 Re8 33. e5
Kg6 34. Na4 Rc8 35. e6 Kf6 36. e7 Bh5 37. g4 Be8 38. Nb6 Rc6 39. Nd5+ Kg5 40.
Rf1 Bg6 41. Rf5+ Kxg4 42. Rf6 Rxf6 43. Nxf6+ Kf5 44. e8=Q Bxe8 45. Nxe8 Ke5 46.
Kd2 Ke6 47. a4 Kd7 48. Nf6+ Kc6 49. a5 b6 50. axb6 Kxb6 51. Kc2 Kc6 52. Kb3 Kc7
53. Ka4 Kb6 54. Nd5+ Kc6 55. Ka5 Kb7 56. Nf6 1-0

[Event "39th Olympiad Women"]
[Site "Khanty-Mansiysk RUS"]
[Date "2010.09.30"]
[Round "9"]
[White "Zimina, Olga"]
[Black "Kopinits, Anna-Christina"]
[Result "1-0"]
[WhiteTitle "IM"]
[BlackTitle "WIM"]
[WhiteElo "2334"]
[BlackElo "2210"]
[Board "24.2"]
[WhiteTeam "ITA"]
[BlackTeam "AUT"]
[WhiteFideId "4132190"]
[BlackFideId "1614142"]
[EventDate "2010.09.21"]
[EventType "team"]

1. e4 c5 2. Nf3 e6 3. g3 Nf6 4. e5 Nd5 5. b3 Nc6 6. Bb2 Be7 7. c4 Nc7 8. Bg2 f6
9. O-O O-O 10. Qe2 fxe5 11. Nxe5 Nd4 12. Bxd4 cxd4 13. f4 Na6 14. d3 Qb6 15. Nd2
d6 16. Nef3 Nc5 17. Ne4 Nxe4 18. Qxe4 h6 19. Bh3 Rf6 20. Qxd4 Qa5 21. Qe4 d5 22.
Qe2 dxc4 23. dxc4 Qh5 24. Bg2 Bc5+ 25. Kh1 Bd7 26. Rae1 Raf8 27. Ne5 Qxe2 28.
Rxe2 Bc8 29. Rd1 g5 30. Ng4 Rg6 31. Be4 Rg7 32. Nxh6+ Kh8 33. fxg5 Rxg5 34. Rd8
Kg7 35. Rxf8 Kxf8 36. Rd2 Bb6 37. Bf3 e5 38. c5 Bc7 39. Bd5 e4 40. Rf2+ Kg7 41.
Rf7+ Kxh6 42. Rxc7 Rxd5 43. Rxc8 e3 44. Kg2 Rd2+ 45. Kf3 Rxa2 46. Rb8 e2 47. Kf2
Rc2 48. b4 a5 49. Rxb7 axb4 50. Rxb4 Rxc5 51. Rb2 Rh5 52. h4 Rf5+ 53. Kxe2 Kh5
54. Rb4 Ra5 55. Kf3 Rf5+ 56. Kg2 Ra5 57. Kh3 Ra3 58. Rb5+ Kh6 59. Re5 Rb3 60.
Kg4 Rb4+ 61. Kf3 Rb3+ 62. Kf4 Rb4+ 63. Re4 Rb6 64. g4 Rf6+ 65. Kg3 Ra6 66. h5
Ra1 67. Re6+ Kh7 68. Kf4 Rf1+ 69. Kg5 Rf7 70. h6 Rf1 71. Re7+ Kh8 72. Kg6 Rf8
73. g5 Ra8 74. Kf7 Kh7 75. Kf6+ Kh8 76. g6 Rb8 77. Rd7 Ra8 78. Ke7 1-0

[Event "39th Olympiad Women"]
[Site "Khanty-Mansiysk RUS"]
[Date "2010.09.30"]
[Round "9"]
[White "Novkovic, Julia"]
[Black "Brunello, Marina"]
[Result "1-0"]
[WhiteTitle "WFM"]
[BlackTitle "WIM"]
[WhiteElo "2134"]
[BlackElo "2212"]
[Board "24.3"]
[WhiteTeam "AUT"]
[BlackTeam "ITA"]
[WhiteFideId "12000086"]
[BlackFideId "822590"]
[EventDate "2010.09.21"]
[EventType "team"]

1. e4 c5 2. Nf3 d6 3. d4 cxd4 4. Nxd4 Nf6 5. Nc3 a6 6. h3 e5 7. Nde2 Be7 8. g4
Nc6 9. Be3 Be6 10. Bg2 Rc8 11. Ng3 g6 12. Nd5 Bxd5 13. exd5 Na5 14. Bh6 Nc4 15.
b3 Qa5+ 16. Kf1 Na3 17. c4 b5 18. Bd2 b4 19. Rc1 Qb6 20. Be3 Qd8 21. Qd2 a5 22.
g5 Nd7 23. Ne4 h6 24. h4 Nb6 25. c5 Nd7 26. Bh3 hxg5 27. cxd6 Rxh4 28. dxe7
Rxc1+ 29. Qxc1 Qa8 30. Qc7 1-0